000 00917nac a22002537a 4500
001 BR6003077
003 BR-BrBNA
005 20240105113051.0
008 230509b bl.|||m| |||| 00| 0 por d
040 _aBR-BrBNA
_bpor
_cBiblioteca Nacional de Agricultura
072 _aE30; E10
090 _aE30 BR6003077
110 1 _aAssociacao de Credito e Assistencia Rural do Estado do Para, Belem (Brasil)
_9493
245 1 _aPlano anual de trabalho 1973 [Associacao de Credito e Assistencia Rural do Estado do Para; Brasil]
_bVersao preliminar
260 3 _a[np](Brasil):
_c1972.
300 _a223 p.
490 _aPlano Anual de Trabalho - Associacao de Credito e Assistencia Rural do Estado do Para (Brazil)
_v
_x
500 _a46 illus.; 32 ref.
650 _aDesenvolvimento agricola
650 _aMacroeconomia
650 _aPara
909 _a202312
_bLúcia Elande
_c55
_dLúcia Elande
942 _2AGRIS
_n0
_cMS
999 _c261711
_d261711